| 000 | 00778nam a22001817a 4500 | ||
|---|---|---|---|
| 005 | 20120416120531.0 | ||
| 020 |
_c330.00 _a 8174532056 |
||
| 035 | _aB-197348 | ||
| 037 |
_b _adpl |
||
| 082 | _a363.7 | ||
| 100 |
_aमाथुर, रमा _945135 |
||
| 245 | 1 |
_aपर्यावरण अध्ययनः बहुआयामी प्रकृति / _cरमा माथुर |
|
| 260 |
_aदिल्ली _bसंजय प्रकाशन _c2006 |
||
| 270 |
_a _b _e _k |
||
| 300 |
_a219पृ. _c22सेमी (सजिल्द) |
||
| 942 |
_adpl _cHN _k _2ddc _h363.7 _mमाथुर |
||
| 999 |
_c65032 _d65032 |
||